La brecha de la equidad : (Registro nro. 8624)
[ vista simple ]
| 000 -LEADER | |
|---|---|
| fixed length control field | 01257nam a2200277Ia 4500 |
| 003 - CONTROL NUMBER IDENTIFIER | |
| control field | OSt |
| 005 - DATE AND TIME OF LATEST TRANSACTION | |
| control field | 20211025113641.0 |
| 008 - FIXED-LENGTH DATA ELEMENTS--GENERAL INFORMATION | |
| fixed length control field | 210310s1997 cl ad fr 100 0 spa d |
| 040 ## - CATALOGING SOURCE | |
| Original cataloging agency | CO-JMCR |
| Transcribing agency | CO-JMCR |
| 041 0# - LANGUAGE CODE | |
| Language code of text/sound track or separate title | spa |
| 082 04 - DEWEY DECIMAL CLASSIFICATION NUMBER | |
| Classification number | 361.25 / |
| Item number | C748b |
| Edition number | 23 |
| 111 ## - MAIN ENTRY--MEETING NAME | |
| Meeting name or jurisdiction name as entry element | Conferencia Regional de Seguimiento de la Cumbre Mundial sobre el Desarrollo Social |
| Number of part/section/meeting | (1er : |
| Date of meeting or treaty signing | 1997 : |
| Location of meeting | Sao Pablo. Barsil) |
| 9 (RLIN) | 41275 |
| 245 13 - TITLE STATEMENT | |
| Title | La brecha de la equidad : |
| Remainder of title | América Latina, el Caribe y la cumbre social / |
| Statement of responsibility, etc. | Conferencia Regional de Seguimiento de la Cumbre Mundial sobre el Desarrollo Social |
| 260 ## - PUBLICATION, DISTRIBUTION, ETC. | |
| Place of publication, distribution, etc. | Santiago de Chile : |
| Name of publisher, distributor, etc. | Naciones Unidas. Cepal, |
| Date of publication, distribution, etc. | 1997 |
| 300 ## - PHYSICAL DESCRIPTION | |
| Extent | 217 páginas : |
| Other physical details | ilustraciones y gráficas a blanco y negro ; |
| Dimensions | 26 cm. |
| 500 ## - GENERAL NOTE | |
| General note | Incluye notas a pie de página. |
| 504 ## - BIBLIOGRAPHY, ETC. NOTE | |
| Bibliography, etc. note | Bibliografía: páginas 209-217 |
| 505 0# - FORMATTED CONTENTS NOTE | |
| Formatted contents note | Los temas de la cumbre -- Las reformas en curso -- Orientaciones para una política integrada |
| 650 14 - SUBJECT ADDED ENTRY--TOPICAL TERM | |
| Topical term or geographic name entry element | Pobreza |
| 9 (RLIN) | 17818 |
| Geographic subdivision | América Latina |
| 650 24 - SUBJECT ADDED ENTRY--TOPICAL TERM | |
| Topical term or geographic name entry element | Pobreza |
| Geographic subdivision | Caribe (Región) |
| 9 (RLIN) | 41276 |
| 650 24 - SUBJECT ADDED ENTRY--TOPICAL TERM | |
| Topical term or geographic name entry element | Empleos |
| Geographic subdivision | América Latina |
| 9 (RLIN) | 41277 |
| 650 24 - SUBJECT ADDED ENTRY--TOPICAL TERM | |
| Topical term or geographic name entry element | Empleos |
| Geographic subdivision | Caribe (Región) |
| 9 (RLIN) | 41278 |
| 651 #2 - SUBJECT ADDED ENTRY--GEOGRAPHIC NAME | |
| Geographic name | América Latina |
| General subdivision | Política social |
| 9 (RLIN) | 7494 |
| 651 #2 - SUBJECT ADDED ENTRY--GEOGRAPHIC NAME | |
| Geographic name | Caribe (Región) |
| General subdivision | Política social |
| 9 (RLIN) | 41279 |
| 942 ## - ADDED ENTRY ELEMENTS (KOHA) | |
| Source of classification or shelving scheme | Dewey Decimal Classification |
| Koha item type | Books |
| Withdrawn status | Lost status | Source of classification or shelving scheme | Damaged status | Not for loan | Collection code | Home library | Current library | Date acquired | Source of acquisition | Full call number | Barcode | Date last seen | Copy number | Koha item type |
|---|---|---|---|---|---|---|---|---|---|---|---|---|---|---|
| Dewey Decimal Classification | Non-fiction | Biblioteca Pública José María del Castillo y Rada | Biblioteca Pública José María del Castillo y Rada | 04/15/2018 | Donación | 361.25 / C748b | 430005103 | 05/16/2024 | Ej.1 | Books |